01066 a2200157 45000010006000000050017000060080041000230030015000640400040000790800053001192450031001722640045002033000019002485050555002671000086008225933320260407155847.0260407a1969 arg spa dAR-UNSa-BCEJYS aAR-UNSa-BCEJYSbspacAR-UNSa-BCEJYS a339.5xComercio exterior. Comercio Internacional10aEl pensamiento de la CEPAL 1aSantiago de Chile :bUniversitariac1969 a298 p.c22 cm. a1. El comercio exterior y el desarrollo de América Latina – 2. Industrialización y desarrollo – 3. Conceptos y experiencias sobre planificación – 4. Consideración sobre el financiamiento y la inversión extranjeros – 5. La integración económica y el desarrollo de América Latina – 6. Inflación y crecimiento en América Latina – 7. Condiciones y efectos sociales del desarrollo económico – 8. Problemas y políticas en relación con el comercio mundial – 9. Hacia una dinámica del desarrollo Latinoamericano - 1 aNaciones Unidas. Comisión Económica para América Latina y el Caribe (CEPAL)